000 00668nam a2200241 i 4500
001 C2-0139336
003 PPAK
005 20180727124731.0
008 971224s1981 gh a|||| ||||| | may d
040 _aPPAK
_beng
_cPPAK
_erda
082 0 4 _a915.95112
_223
090 0 0 _a915.95112
_bZAR
_dK
090 0 0 _a915.95112
_bZAR
_dKK
100 0 _aZaree Mahmood Amran,
_eauthor
245 1 0 _aKedah
264 1 _aAccra, Ghana :
_bFEP International ,
_c1981
300 _a24 pages :
_billustrations ;
_c21 cm
336 _2rdacontent
_atext
337 _2rdamedia
_aunmediated
338 _2rdacarrier
_avolume
650 1 0 _aKedah - Description and Travel
942 _ddc
_cB
999 _c43549
_d43549